• 首页
  • 本馆介绍
  • 公告通知
  • 最新文献
  • 馆藏检索
  • 电子资源
  • 读者导购
  • 参考咨询
  • 我的图书馆
  • 登录
  • 详细信息显示
  • 放入我的书架
  • 预约/预借图书
  • 作者相关作品
  • 分类相关作品
  • 丛书相关作品
  • 出版社相关作品

书目信息

  • 表格格式
  • 工作单格式
  • 卡片格式
题名:
细胞生物学实验
    
 
作者: 肖义军 , 张彦定 主编
分册:  
出版信息: 北京   科学出版社  2012
页数: 148页
开本: 24cm
丛书名:
单 册:
中图分类: Q2-33
科图分类:
主题词: 细胞生物学 , 细胞生物学--实验--教材
电子资源:
ISBN: 978-7-03-034718-3
000 01079nam0 2200289 45
001 1355433655
005 20130513144333.59
010    @a978-7-03-034718-3@dCNY24.00
100    @a20130108d2012 em y0chiy50 ea
101 0  @achi
102    @aCN@b110000
105    @aa z 000yy
106    @ar
200 1  @a细胞生物学实验@AXi Bao Sheng Wu Xue Shi Yan@f肖义军,张彦定主编@FXiao Yi Jun, Zhang Yan Ding Zhu Bian
210    @a北京@c科学出版社@d2012
215    @a148页@c图@d24cm
300    @a国家级实验示范中心配套教材
312    @a封面英文题名:Biology experiments
330    @a本书分为基础性实验和综合性实验两部分,其中基础性实验分为9章36个实验,是细胞生物学中最基本的实验技术;综合性实验6个,实验中需要综合应用多种研究技术,对培养学生的综合能力、动手能力、分析和解决问题的能力很有帮助。
510 1  @aBiology experiments@zeng
606 0  @a细胞生物学
606 0  @a细胞生物学@x实验@j教材
690    @aQ2-33@v5
701  0 @a肖义军@AXiao Yi Jun@4主编
701  0 @a张彦定@AZhang Yan Ding@4主编
801    @aCN@bTANGWEI@c20130111
905    @b0831349-51@dQ2-33@e38@f3
    
    细胞生物学实验/肖义军,张彦定主编.-北京:科学出版社,2012
    148页:图;24cm
    国家级实验示范中心配套教材
    
    ISBN 978-7-03-034718-3:CNY24.00
    本书分为基础性实验和综合性实验两部分,其中基础性实验分为9章36个实验,是细胞生物学中最基本的实验技术;综合性实验6个,实验中需要综合应用多种研究技术,对培养学生的综合能力、动手能力、分析和解决问题的能力很有帮助。
●
相关链接 在E读中查询图书 在五车中查询图书 在当当中查询图书 在豆瓣中查询图书


正题名:细胞生物学实验     索取号:Q2-33/38         预约/预借

序号 登录号 条形码 馆藏地/架位号 状态 备注
1 0831349   208313494   第二样本阅览室/ [索取号:Q2-33/38] 在馆    
2 0831350   208313500   第三借阅区/ [索取号:Q2-33/38] 在馆    
3 0831351   208313519   第三借阅区/ [索取号:Q2-33/38] 在馆    
唐山师范学院图书馆 欢迎您!
大连网信软件有限公司© 版权所有